Consultation on a proposed Housing Bill (Record no. 110826)

MARC details
000 -LEADER
fixed length control field 01522cad a22002775a 4500
001 - CONTROL NUMBER
control field E150320
008 - FIXED-LENGTH DATA ELEMENTS--GENERAL INFORMATION
fixed length control field 100628s2010 xxk f s000 0 eng d
020 ## - INTERNATIONAL STANDARD BOOK NUMBER
International Standard Book Number 9780755994038
035 ## - SYSTEM CONTROL NUMBER
System control number (Sirsi) u150320
041 0# - LANGUAGE CODE
Language code of text/sound track or separate title eng
050 04 - LIBRARY OF CONGRESS CALL NUMBER
Classification number 306.1 $2 18
100 2# - MAIN ENTRY--PERSONAL NAME
Personal name Robertson, Lucy
245 00 - TITLE STATEMENT
Title Consultation on a proposed Housing Bill
Remainder of title an analysis of consultation responses
Medium [electronic resource]
260 ## - PUBLICATION, DISTRIBUTION, ETC.
Place of publication, distribution, etc. Edinburgh
Name of publisher, distributor, etc. Scottish Government
Date of publication, distribution, etc. 2010
505 2# - FORMATTED CONTENTS NOTE
Formatted contents note Introduction -- Landlord registration -- Licensing of houses in multiple occupation -- Overcrowding -- Tenancy regime -- Licensing of mobile home sites -- Facilitating private investment in housing: the twenty year rules -- Equalities impact assessment -- Appendices
520 ## - SUMMARY, ETC.
Summary, etc. Analyses responses to the Scottish Government's consultation paper on a proposed housing bill (see (E149443). The consultation covered proposals on six areas, four relating to the private rented sector, one relating to the licensing of mobile home sites and one relating to encouraging private investment in housing through possible changes to the 20 year rules.
521 ## - TARGET AUDIENCE NOTE
Target audience note Advanced
590 ## - LOCAL NOTE (RLIN)
Local note KA
650 24 - SUBJECT ADDED ENTRY--TOPICAL TERM
Topical term or geographic name entry element HOUSING SCOTLAND BILL
651 #4 - SUBJECT ADDED ENTRY--GEOGRAPHIC NAME
Geographic name Scotland
Chronological subdivision 1999-
690 ## - LOCAL SUBJECT ADDED ENTRY--TOPICAL TERM (OCLC, RLIN)
Topical term or geographic name as entry element PROPERTY-RESIDENTIAL PROPERTY-DOMESTIC RESIDENTIAL PROPERTY-HOUSING
700 1# - ADDED ENTRY--PERSONAL NAME
Personal name Thornton, Chris
700 1# - ADDED ENTRY--PERSONAL NAME
Personal name Shand, Katie
856 40 - ELECTRONIC LOCATION AND ACCESS
Uniform Resource Identifier <a href="https://www.scotland.gov.uk/Publications/2010/06/21135419/0">https://www.scotland.gov.uk/Publications/2010/06/21135419/0</a>
Public note View the consultation free of charge at www.scotland.gov.uk...
942 ## - ADDED ENTRY ELEMENTS (KOHA)
Suppress in OPAC 0
Holdings
Withdrawn status Lost status Source of classification or shelving scheme Damaged status Not for loan Home library Current library Shelving location Date acquired Total Checkouts Full call number Barcode Date last seen Copy number Price effective from Koha item type
    Dewey Decimal Classification     Virtual Virtual Online 28/06/2010   ONLINE PUBLICATION 150320-2001 06/08/2019 1 06/08/2019 Book